| 000 | 01192nam a2200313 a 4500 | ||
|---|---|---|---|
| 001 | vtls001672666 | ||
| 003 | NLI | ||
| 005 | 20210628145832.0 | ||
| 008 | 130206s1968 ii 000 0 mal | ||
| 020 | _cRs. 3.75 | ||
| 039 | 9 |
_y201302061542 _zVLOAD |
|
| 040 | 0 |
_aNLI _beng _cENTERTECH - MALAYALAM _eAACR2 |
|
| 041 | 1 | _amal | |
| 044 | _aii | ||
| 082 | 0 | 4 | _a364.95 |
| 100 | 0 |
_6880-01 _aTarunkumar Bhaduri _91104674 |
|
| 245 | 1 | 0 |
_6880-02 _aSapikkappetta cambal / _cTarunkumar Bhaduri ; translated by Ravi Varma |
| 260 |
_6880-03 _aKottayam : _bS. P. C. S., _c1968 |
||
| 300 |
_a230 p. ; _c18 cm. |
||
| 650 | 0 |
_aSuicide _9677135 |
|
| 700 | 1 |
_aVarma, Ravi, _4trl _91014117 |
|
| 880 | 0 |
_6100-01/(B _aതരുണ്കുമാര് ഭാദുരി |
|
| 880 | 1 | 0 |
_6245-02/(B _aശപിക്കപ്പെട്ട ജന്മങ്ങള് / _cതരുണ്കുമാര് ഭാദുരി ട്രാന്സ്ലേറ്റഡ് ബൈ രവി വര്മ്മ |
| 880 |
_6260-03/(B _aകോട്ടയം _bഎസ്. പി. സി. എസ്., _c1968 |
||
| 887 | _a | ||
| 901 |
_a11188 _b04.01.1969 |
||
| 902 | _aMal 364. 95 T 314 s | ||
| 942 |
_2ddc _cBKS |
||
| 999 |
_c1120077 _d1120077 |
||